Tribhuvan University Central Library

Nepal Bharat sambandha, 1950-1990 (Record no. 45518)

MARC details
000 -LEADER
fixed length control field 006110000a22002530004500
082 ## - DEWEY DECIMAL CLASSIFICATION NUMBER
Classification number N327.5426054
Item number Re755n
-- D
041 ## - LANGUAGE CODE
Language code of text/sound track or separate title Nep
100 ## - MAIN ENTRY--PERSONAL NAME
Personal name Regmi, Kapil Prasad
245 ## - TITLE STATEMENT
Title Nepal Bharat sambandha, 1950-1990
260 ## - PUBLICATION, DISTRIBUTION, ETC. (IMPRINT)
Place of publication, distribution, etc Janakpur
260 ## - PUBLICATION, DISTRIBUTION, ETC. (IMPRINT)
Date of publication, distribution, etc 1998
300 ## - PHYSICAL DESCRIPTION
Extent 158p.
518 ## - DATE/TIME AND PLACE OF AN EVENT NOTE
Date/time and place of an event note 20080615
530 ## - ADDITIONAL PHYSICAL FORM AVAILABLE NOTE
Additional physical form available note Dis
502 ## - DISSERTATION NOTE
Dissertation note Dissertation
-- Degree in Political Science
-- T.U.
500 ## - GENERAL NOTE
General note Bibliography: p. 157-158
650 ## - SUBJECT ADDED ENTRY--TOPICAL TERM
Topical term or geographic name as entry element International relations
650 ## - SUBJECT ADDED ENTRY--TOPICAL TERM
Topical term or geographic name as entry element Political parties
650 ## - SUBJECT ADDED ENTRY--TOPICAL TERM
Topical term or geographic name as entry element Democracy
650 ## - SUBJECT ADDED ENTRY--TOPICAL TERM
Topical term or geographic name as entry element Government
651 ## - SUBJECT ADDED ENTRY--GEOGRAPHIC NAME
Geographic name Nepal
651 ## - SUBJECT ADDED ENTRY--GEOGRAPHIC NAME
Geographic name Bharat
942 ## - ADDED ENTRY ELEMENTS (KOHA)
Koha item type General Collections
Holdings
Withdrawn status Lost status Damaged status Not for loan Home library Current library Date acquired Total Checkouts Barcode Date last seen Price effective from
        Tribhuvan University Central Library Tribhuvan University Central Library 06/20/2010   D8359 06/20/2010 06/20/2010